000 00707cam a22002533a 4500
001 20384
003 PGUSA
005 20140828083430.0
008 070116s2007||||xxu|||||s|||||000 1 eng d
040 _aPGUSA
_beng
042 _adc
050 4 _aPS
100 1 _aHarney, George S.
245 1 0 _aDavid Lannarck, Midget :
_bAn Adventure Story
_h[electronic resource] /
_cGeorge S. Harney
260 _bProject Gutenberg,
_c2007
506 _aPublic domain in the USA.
516 _aElectronic text
653 _aWestern stories
653 _aCircus -- Fiction
653 _aAdventure stories
830 0 _aProject Gutenberg
_v20384
856 4 0 _uhttp://www.gutenberg.org/ebooks/20384
942 _cEB
999 _c249639
_d249639